Library of the University of Algiers 3
Ibrahim Sultan Cheibout
شعار جامعة الجزائر 3
مكتبة جامعة الجزائر 3
إبراهيم سلطان شيبوط

إدارة الإنتاج والعمليات : (رقم التسجيلة. 42933)

تفاصيل مارك
000 -LEADER
fixed length control field 01181nam a2200205Ia 4500
003 - CONTROL NUMBER IDENTIFIER
control field Ost
005 - DATE AND TIME OF LATEST TRANSACTION
control field 20260507075112.0
008 - FIXED-LENGTH DATA ELEMENTS--GENERAL INFORMATION
fixed length control field 260507s9999||||xx |||||||||||||| ||und||
040 ## - CATALOGING SOURCE
Transcribing agency fsecg
041 ## - LANGUAGE CODE
Language code of text/sound track or separate title ara
082 ## - DEWEY DECIMAL CLASSIFICATION NUMBER
Classification number 600
100 ## - MAIN ENTRY--PERSONAL NAME
Personal name العبد، جلال إبراهيم
Relator term مؤلف
245 #0 - TITLE STATEMENT
Title إدارة الإنتاج والعمليات :
Remainder of title مدخل كمي /
Statement of responsibility, etc. جلال إبراهيم العبد
260 ## - PUBLICATION, DISTRIBUTION, ETC.
Place of publication, distribution, etc. الاسكندرية:
Name of publisher, distributor, etc. الدار الجامعية,
Date of publication, distribution, etc. 2002
300 ## - PHYSICAL DESCRIPTION
Extent 332 صفحة؛
Other physical details إيضاحات ؛
Dimensions 24 سم
504 ## - BIBLIOGRAPHY, ETC. NOTE
Bibliography, etc. note الملاحق:ص.323-326؛ببليوغرافيا:ص.191:ص.327-332
520 ## - SUMMARY, ETC.
Summary, etc. أنظمة الإنتاج،الإنتاج والإنتاجية،التنبؤ بالطلب،أساليب جدولة الإنتاج في الأجل القصير،التخطيط الإجمالي،البرمجة الخطية:تكوين وصياغة المشكلة،البرمجة الخطية:الحل البياني،الحل الرياضي،مشكلة الثنائية،تخطيط ومتابعة المشروعات،نماذج المحاكاة،نظرية صفوف الانتظار
653 ## - INDEX TERM--UNCONTROLLED
Uncontrolled term إدارة الانتاج
942 ## - ADDED ENTRY ELEMENTS (KOHA)
Koha item type كتب
المقتنيات
Withdrawn status Lost status Source of classification or shelving scheme Damaged status Not for loan Home library Current library Date acquired Serial enumeration / chronology Inventory number Total checkouts Full call number Barcode Date last seen Price effective from Koha item type
    Dewey Decimal Classification   NOT LOAN / إعارة داخلية مكتبة كلية العلوم الإقتصادية والعلوم التجارية وعلوم التسيير مكتبة كلية العلوم الإقتصادية والعلوم التجارية وعلوم التسيير 07/05/2026 الطابق الأرضي 1539/1   أ/1539ن1 1539/1 07/05/2026 07/05/2026 كتب
    Dewey Decimal Classification   Available مكتبة كلية العلوم الإقتصادية والعلوم التجارية وعلوم التسيير مكتبة كلية العلوم الإقتصادية والعلوم التجارية وعلوم التسيير 07/05/2026 الطابق الثاني 1539/2   أ/1539ن2 1539/2 07/05/2026 07/05/2026 كتب

موارد الويب المفتوحة


© University of Algiers 3 All Rights Reserved
|
Implemented by LECHELAH Riad